Online Catalogue and eLibrary

Some expert analyses the sexual explotation of children in Sri Lanka (Record no. 1591)

MARC details
000 -LEADER
fixed length control field 00429nam a2200157Ia 4500
005 - DATE AND TIME OF LATEST TRANSACTION
control field 20240606051733.0
008 - FIXED-LENGTH DATA ELEMENTS--GENERAL INFORMATION
fixed length control field 240331s9999 xx 000 0 und d
082 ## - DDC Classification
Item Number - Author Mark SEN
Class No. 362
245 #0 - TITLE STATEMENT
Title Some expert analyses the sexual explotation of children in Sri Lanka
260 ## - PUBLICATION, DISTRIBUTION, ETC.
Place of publication, distribution, etc. Colombo
Name of publisher, distributor, etc. P.E.A.C.E Campaign
Date of publication, distribution, etc. 1996
300 ## - PHYSICAL DESCRIPTION
Extent (e.g. Volumes, Pages etc.) 117 p.,
650 ## - SUBJECT ADDED ENTRY--TOPICAL TERM
Topical term or geographic name entry element Children
650 ## - SUBJECT ADDED ENTRY--TOPICAL TERM
Topical term or geographic name entry element Sexual Exploitation
700 ## - ADDED ENTRY--PERSONAL NAME
Personal name Seneviratne,M
942 ## - Koha item type (Biblio)
Koha item type Books in Stacks (Lending)
Holdings
Lost status Damaged status Collection code Home library Current library Shelving location Date acquired Full call number Accession Number Item type
    Lending WERC Library WERC Library Social Science Cupboard 03/31/2024 362.76 SEN 6165 Books in Stacks (Lending)

© WERC Library